«Наполи» - Армагеддон - Statistics

General Stats
  • This quiz has been taken 11 times
  • The average score is 13 of 50
Answers on the Grid
Answers color-coded by a green-red scale on the quiz's grid according to % correct below.
Диего Марадона
Алфонсо Дейвис
Дрис Мертенс
Рахим Стерлинг
Симон Миньоле
Ашраф Хакими
Марек Гамшик
Калиду Кулибали
Матео Ковачич
Хосе Кальехон
Кингсли Коман
Такуми Минамино
Эдинсон Кавани
Фаузи Гулам
Джордан Хендерсон
Гонсало Игуаин
Лоренцо Инсинье
Гранит Джака
Бруну Фернандеш
Родриго Бентанкур
Вальтер Гаргано
Лука Йович
Сон Хын Мин
Алекс Мерет
Чиро Феррара
Джордан Айю
Фабиан Фрай
Борна Баришич
Джанфранко Дзола
Гёкхан Инлер
Эйдзи Кавасима
Костас Манолас
Ансу Фати
Бернарду Силва
Фабио Каннаваро
Яссин Буну
Диего Годин
Эдуардо Варгас
Деян Ловрен
Скотт Мактоминей
Ибраима Конате
Ромелу Лукаку
Фабиан Руис
Маттео Гендузи
Пабло Сарабия
Кевин Де Брёйне
Эльсеид Хюсай
Душан Влахович
Мохаммед Кудус
Дино Дзофф
Рубен Невиш
Антонио Юлиано
Жуан Канселу
Пепе Рейна
Джердан Шакири
Билли Гилмор
Дани Ольмо
Горан Пандев
Софьян Амрабат
Маноло Габбьядини
Эсекьель Лавесси
Рауль Альбиоль
Джованни Симеоне
Юто Нагатомо
Жозе Алтафини
Марек Янкуловский
Лукас Пакета
Пётр Зелиньский
Мислав Оршич
Алекс Сандро
Паоло Ди Канио
Хаким Зиеш
Роберто Айяла
Илкай Гюндоган
Ален Богоссян
Фредди Ринкон
Маркюс Тюрам
Джакомо Распадори
Симон Кьер
Лоран Блан
Джо Аллен
Аркадиуш Милик
Лерой Зане
Пау Торрес
Роберто Бордин
Фернандо Льоренте
Вахби Хазри
Массимо Оддо
Станислав Лоботка
Гильермо Очоа
Жюль Кунде
Омар Сивори
Паоло Каннаваро
Букайо Сака
Фабио Квальярелла
Хвича Кварацхелия
Тео Эрнандес
Леон Горецка
Виктор Осимхен
 
Answer Stats
Answer % Correct
Диего Марадона
57%
Дрис Мертенс
57%
Калиду Кулибали
57%
Гонсало Игуаин
57%
Лоренцо Инсинье
57%
Фабиан Руис
57%
Пепе Рейна
57%
Джованни Симеоне
57%
Эдинсон Кавани
43%
Скотт Мактоминей
43%
Кевин Де Брёйне
43%
Пётр Зелиньский
43%
Джакомо Распадори
43%
Аркадиуш Милик
43%
Хвича Кварацхелия
43%
Виктор Осимхен
43%
Марек Гамшик
29%
Хосе Кальехон
29%
Алекс Мерет
29%
Костас Манолас
29%
Ромелу Лукаку
29%
Маноло Габбьядини
29%
Эсекьель Лавесси
29%
Фернандо Льоренте
29%
Фабио Квальярелла
29%
Фаузи Гулам
14%
Вальтер Гаргано
14%
Чиро Феррара
14%
Джанфранко Дзола
14%
Гёкхан Инлер
14%
Эдуардо Варгас
14%
Эльсеид Хюсай
14%
Антонио Юлиано
14%
Билли Гилмор
14%
Горан Пандев
14%
Рауль Альбиоль
14%
Жозе Алтафини
14%
Паоло Ди Канио
14%
Ален Богоссян
14%
Фредди Ринкон
14%
Лоран Блан
14%
Станислав Лоботка
14%
Омар Сивори
14%
Паоло Каннаваро
14%
Фабио Каннаваро
0%
Дино Дзофф
0%
Марек Янкуловский
0%
Роберто Айяла
0%
Роберто Бордин
0%
Массимо Оддо
0%
No matching quizzes found
Score Distribution
Percent of People with Each Score
Percentile by Number Answered
Your Score History
You have not taken this quiz